Американистика: актуальные подходы и современные исследования. Выпуск 12 В. 12 Американистика: актуальные подходы и современные исследования. Выпуск 12
В данном издании публикуются статьи по актуальным проблемам североамериканской истории, начиная с колониальных времен и включая начало XXI столетия. Сборник объединил ученых из Москвы, Курска, Уфы, Краснодара, Саратова, Калининграда, Хабаровска, Воронежа, а также коллег из Италии (Неаполь), Беларуси...
Guardat en:
| Format: | Книга |
|---|---|
| Idioma: | Russian |
| Publicat: |
Курск
КГУ
2020
|
| Accés en línia: | https://e.lanbook.com/book/179865 https://e.lanbook.com/img/cover/book/179865.jpg |
| Etiquetes: |
Afegir etiqueta
Sense etiquetes, Sigues el primer a etiquetar aquest registre!
|
| LEADER | 04348nam0a2200253 i 4500 | ||
|---|---|---|---|
| 001 | 179865 | ||
| 003 | RuSpLAN | ||
| 005 | 20221220174134.0 | ||
| 008 | 221220s2020 ru gs 000 0 rus | ||
| 020 | |a 978-5-88313-947-4 | ||
| 040 | |a RuSpLAN | ||
| 041 | 0 | |a rus | |
| 044 | |a ru | ||
| 080 | |a 94/99 | ||
| 084 | |a 63. 3(7)94 |2 rubbk | ||
| 245 | 1 | |a Американистика: актуальные подходы и современные исследования. Выпуск 12 |n В. 12 |p Американистика: актуальные подходы и современные исследования. Выпуск 12 | |
| 260 | |a Курск |b КГУ |c 2020 | ||
| 300 | |a 447 с. | ||
| 504 | |a Библиогр.: доступна в карточке книги, на сайте ЭБС Лань | ||
| 520 | 8 | |a В данном издании публикуются статьи по актуальным проблемам североамериканской истории, начиная с колониальных времен и включая начало XXI столетия. Сборник объединил ученых из Москвы, Курска, Уфы, Краснодара, Саратова, Калининграда, Хабаровска, Воронежа, а также коллег из Италии (Неаполь), Беларуси (Минск), Украины (Киев) и Казахстана (Актобе, Уральск). Отличительной чертой сборника является взаимодействие специалистов в разных областях американистики: историков, филологов, культурологов. Проблематика статей представляет интерес своим разнообразием и научной значимостью рассматриваемых в них сюжетов. Исследования отражают реалии внутриполитической и внешнеполитической жизни США XVIII–XXI вв. Различные статьи исследуют американское рабочее движение, классическую и современную литературу, историю Русской Америки, историографию. Отражены такие сюжеты, как взаимоотношения губернаторов и оппозиции в колониальном Бостоне, фермерские протесты XVIII в., русский «фронтир» на Аляске, политическая карикатура в США, борьба с терроризмом, американо-российские литературные связи. Целый ряд статей посвящен президентам США: Г. Гуверу, Дж. Кеннеди, Дж. Картеру. К 215-летию со дня рождения Алексиса де Токвиля, автора знаменитого исследования «О демократии в Америке», приурочен анализ его взглядов на проблему американской исключительности. Ряд статей основан на архивных материалах. Среди новых подходов к изучению истории следует выделить нарратив, дискурсивный подход, гендерные исследования, полидисциплинарность, методологические подходы интеллектуальной истории. Материалы сборника рассчитаны на историков-американистов, преподавателей высшей и средней школы, студентов, бакалавров, магистров и аспирантов, а также всех интересующихся проблемами истории и культуры США. | |
| 521 | 8 | |a Книга из коллекции КГУ - Социально-гуманитарные науки | |
| 856 | 4 | |u https://e.lanbook.com/book/179865 | |
| 856 | 4 | 8 | |u https://e.lanbook.com/img/cover/book/179865.jpg |
| 953 | |a https://e.lanbook.com/img/cover/book/179865.jpg | ||